000 00484nam a2200193Ia 4500
005 20260429111941.0
008 260429s9999||||xx |||||||||||||| ||und||
020 _a9788184114621
041 _aEnglish
082 _a551.6
_bSIN
100 _aSingh, Manoj
245 0 _aClimatology /
_cManoj Singh
260 _aNew Delhi :
_bSonali Publications,
_c2025.
300 _avii, 288 p.; hb
650 _a Climatology
650 _a Geology
650 _aEarth science
942 _cTB
999 _c51582
_d51582